000 00516nam a2200181Ia 4500
008 090123s9999 xx 000 0 und d
082 _b24297
100 _aगुजराती जयंत
245 _aफुलोरा
250 _a0
260 _bसामुद्री प्रकाशन
_c1989
300 _a127
600 _aगुजराती जयंत
630 _aफुलोरा
700 _aगुजराती जयंत
730 _aफुलोरा
942 _cBOOK
999 _c62368
_d62368